| 000 | 01047nam a2200313 a 4500 | ||
|---|---|---|---|
| 001 | 26452 | ||
| 003 | CO-ViMGA | ||
| 008 | 141112s2004 ck r 000 u spa d | ||
| 020 | _a9789586652797 | ||
| 040 |
_aCO-ViMGA _bspa _cCO-ViMGA |
||
| 041 | _aSPA | ||
| 090 | _aN SOS1 | ||
| 100 | 1 |
_aSoseki, Natsume, 1867 - 1916 _941219 |
|
| 245 | 1 | 0 |
_aSoy un gato / _cNatsume Soseki ; traducción de Yoko Ogihara y Fernando Cordobés |
| 250 | _a1a ed. | ||
| 260 |
_aBogotá : _bImpedimenta, _c2014 |
||
| 300 | _a646 p. | ||
| 500 | _aTítulo original : Wagahai wa neko de aru | ||
| 650 | 1 | 4 |
_aANIMALES HUMANIZADOS - NOVELA _941220 |
| 650 | 1 | 4 |
_aAUTORES JAPONESES _941221 |
| 650 | 1 | 4 |
_aBURGUESIA - NOVELA _941222 |
| 650 | 1 | 4 |
_aLITERATURA BURLESCA _941223 |
| 650 | 1 | 4 |
_aLITERATURA JAPONESA - SIGLO XX _941224 |
| 650 | 1 | 4 |
_aNOVELA JAPONESA - SIGLO XX _923634 |
| 650 | 1 | 4 |
_aSATIRA - NOVELA _941225 |
| 651 |
_aJAPON - HISTORIA - PERIODO MEIJI, 1868 - 1912 - NOVELA _941226 |
||
| 700 | 1 |
_aOgihara, Yoko Cordobés, Fernando _941227 |
|
| 942 |
_2ddc _cBK |
||
| 999 |
_c2416 _d2416 |
||